00450nam a2200109Ia 4500008004100000050002300041100002600064245011700090260008600207300002000293521002700313140724s9999 xx 000 0 und d aT 58.6b.M491 2014 aMedina, Krystoffer A. aDuplicating requests management system for Southville International School and Colleges /cKrystoffer A. Medina. aLas Piñas, Philippines :bSouthville International School and Colleges,cc2014. a79 p. :c28 cm. aInformation Technology